|
|
|
|
| LEADER |
01229nam a2200349Ia 4500 |
| 001 |
EBC3050674 |
| 003 |
MiAaPQ |
| 005 |
20200520144314.0 |
| 006 |
m o d | |
| 007 |
cr cn||||||||| |
| 008 |
040301s2004 dcu sb 000 0 eng d |
| 020 |
|
|
|z 082135826X
|
| 035 |
|
|
|a (MiAaPQ)EBC3050674
|
| 035 |
|
|
|a (Au-PeEL)EBL3050674
|
| 035 |
|
|
|a (CaPaEBR)ebr10053720
|
| 035 |
|
|
|a (CaONFJC)MIL8516
|
| 035 |
|
|
|a (OCoLC)55519304
|
| 040 |
|
|
|a MiAaPQ
|c MiAaPQ
|d MiAaPQ
|
| 050 |
|
4 |
|a HC154
|b .R62 2004
|
| 082 |
0 |
4 |
|a 330.97292
|2 22
|
| 245 |
0 |
4 |
|a The road to sustained growth in Jamaica
|h [electronic resource].
|
| 260 |
|
|
|a Washington, DC :
|b World Bank,
|c 2004.
|
| 300 |
|
|
|a xii, 211 p.
|
| 490 |
1 |
|
|a A World Bank country study
|
| 504 |
|
|
|a Includes bibliographical references.
|
| 533 |
|
|
|a Electronic reproduction. Ann Arbor, MI : ProQuest, 2015. Available via World Wide Web. Access may be limited to ProQuest affiliated libraries.
|
| 651 |
|
0 |
|a Jamaica
|x Economic conditions.
|
| 651 |
|
0 |
|a Jamaica
|x Economic policy.
|
| 655 |
|
4 |
|a Electronic books.
|
| 710 |
2 |
|
|a ProQuest (Firm)
|
| 830 |
|
0 |
|a World Bank country study.
|
| 856 |
4 |
0 |
|u https://ebookcentral.proquest.com/lib/matrademy/detail.action?docID=3050674
|z Click to View
|